ធរណីវិទ្យាអនុវត្តន័លើការប្រើជីនៅកម្ពុជាំ (Record no. 10290)

000 -LEADER
fixed length control field 00402nam a22001217a 4500
040 ## - CATALOGING SOURCE
Transcribing agency HS
082 ## - DEWEY DECIMAL CLASSIFICATION NUMBER
Classification number 590
100 ## - MAIN ENTRY--AUTHOR NAME
Personal name ត្រាន ថាន់កាញ់
245 ## - TITLE STATEMENT
Title ធរណីវិទ្យាអនុវត្តន័លើការប្រើជីនៅកម្ពុជាំ
260 ## - PUBLICATION, DISTRIBUTION, ETC. (IMPRINT)
Place of publication Cambodia
Name of publisher ត្រាន ថាន់កាញ់
Year of publication 1992
300 ## - PHYSICAL DESCRIPTION
Number of Pages 117p;
942 ## - ADDED ENTRY ELEMENTS (KOHA)
Koha item type សៀវភៅភាសាខ្មែរ

No items available.

មជ្ឈមណ្ឌលឯការនៃសាកលវិទ្យាល័យភូមិន្ទកសិកម្មចំការដូង

Powered by Koha